000 00560nam a22002177a 4500
003 OSt
005 20151216095458.0
008 130307t xxu||||| |||| 00| 0 eng d
020 _a9780748752973
050 _aQD 33
_b.R988 2000
082 _aIB 540
_bR95 2000
100 _aRyan, Lawrie
245 _aAdvanced chemistry for you
_cLawrie Ryan
260 _aCheltenham :
_bStanley Thornes,
_cc2000.
300 _c28 cm.
_a472 p.,
_bcol.,ill.,
521 _aGrade 8
526 _c900L to 1010L
562 _e1
942 _2lcc
_cBK
999 _c2166
_d2166